000 00503cam a2200145 4500500
005 20260322014157.0
041 _afre
042 _adc
100 1 0 _aMoncorgé, Richard
_eauthor
245 0 0 _aLuminescent materials: optical and spectroscopic characterization techniques
260 _c2026.
500 _a37
786 0 _nOptics and photonics | - | 2026-03-05 | p. 5-5
856 4 1 _uhttps://stm.cairn.info/materials-for-optics-and-lasers--bdti42450210-e6327-page-5?lang=en&redirect-ssocas=7080
999 _c1786973
_d1786973